Statistics for 富山地方鉄道(電車線) 乗降客数Top30

Click here to take the quiz!

General Stats

  • This quiz has been taken 67 times
  • The average score is 15 of 30

Answer Stats

順位乗降客数駅名路線% Correct
16418電鉄富山本線
100%
12488電鉄魚津本線
94%
11592電鉄黒部本線
88%
51089南富山複数路線
83%
31574上市本線
81%
14467宇奈月温泉本線
79%
16350岩峅寺複数路線
79%
20301不二越不二越線
75%
6972稲荷町複数路線
75%
21287上滝上滝線
71%
13468越中舟橋本線
71%
22280寺田複数路線
71%
41236新魚津本線
67%
10670中滑川本線
65%
21630越中荏原本線
44%
23275西滑川本線
44%
9707五百石立山線
44%
8784東新庄本線
40%
28213中加積本線
40%
15411越中三郷本線
40%
19302東三日市本線
25%
30202相ノ木本線
25%
7790経田本線
25%
18329小杉上滝線
19%
24259開発上滝線
19%
26222布市上滝線
19%
17347榎町立山線
17%
29209釜ヶ淵立山線
17%
25232上堀上滝線
15%
27215浦山本線
13%

Score Distribution

Percentile by Number Answered

Percent of People with Each Score

Your Score History

You have not taken this quiz